000 00605 a2200169 4500
999 _c10309
_d10309
020 _a9781788976848
050 _aKZ1268FIN 2021
100 _aFindlay, Mark
_eauthor
245 _aGlobalisation, populism, pandemics and the law :
_bthe anarchy and the ecstasy
_cMark Findlay
264 _aCheltenham, UK : Edward Elgar Publishing, [2021] ♭2021
_bEdward Elgar,
_c♭2021
300 _axxv, 211 pages ; 25 cm
500 _aIncludes index Includes bibliographical references
650 _aInternational law.
650 _aLaw and globalization.
650 _aPopulism.
942 _2lcc
_cBK
_h1268
_iFIN
_kKZ